000 00245nam a2200109Ia 4500
005 20251222141834.0
008 251222s9999||||xx |||||||||||||| ||spa||
082 _a839.77/L16/1990
100 _aLogerkvist, Par
245 0 _aBarrabás
942 _cLIB
999 _c7204
_d7204